000 00308nam a22001337a 4500
008 170809b xxu||||| |||| 00| 0 eng d
020 _a9780324594393
041 _aeng
080 _22ND
_a004
100 _a35
101 _aSHKI
245 _aUSING EXCEL & ACCESS FOR ACCOUNTING
_cOWEN, G
942 _2udc
_cBK
999 _c22961
_d22961